Orientaciones para el desarrollo de una docencia universitaria inclusiva, diversa y afectiva.

Guardat en:
Dades bibliogràfiques
Autor principal: Alfonso Novoa, Gabriela (autora)
Altres autors: Ayala Cardona, Jaime Alberto (autor), Blanco Vega, María de Jesús (autora), Bravo Oviedo, Felipe (autor), Calderón, Dora Inés (autora), Córdova Solís, Miguel Ángel (autor), González Boticario, Jesús (autor), Gutiérrez y Restrepo, Emmanuelle (autora), Jardin-Gonçalves, Ricardo (autor), León Corredor, Olga Lucía (autora), Merino Rubilar, Cristian Gonzalo (autor), Molano Caro, Gladys (autora), Rivera Lam, Mailing (autora), Rocha Martínez, Rolando (autor), Sarraipa, João (autor), Villanueva Manjarrez, Andrés (autor)
Format: Llibre
Publicat: Valparaíso, Chile: Ediciones Universitarias de Valparaíso, 2019.
Col·lecció:Arbitrada
Matèries:
Etiquetes: Afegir etiqueta
Sense etiquetes, Sigues el primer a etiquetar aquest registre!

MARC

LEADER 00000cam a2200000 a 4500
001 UCB0155
003 CL-VaPUC
005 20240819170129.0
008 230410t2019 ||||| |||| 00| 0 eng d
999 |c 376357  |d 376355 
020 |a 978-956-17-0832-7 
040 |c Pontificia Universidad Católica de Valparaíso 
082 0 4 |a 378 ALF 2019  |2 21 
100 1 |a Alfonso Novoa, Gabriela  |e autora  |9 605489 
245 1 0 |a Orientaciones para el desarrollo de una docencia universitaria inclusiva, diversa y afectiva. 
260 |a Valparaíso, Chile:  |b Ediciones Universitarias de Valparaíso,  |c 2019. 
300 |a 117 páginas 
490 |a Arbitrada 
500 |a c.11 Donación Profesor Cristian Merino (BIO). Memo Curauma 3/04/2023 
583 |a last modification  |c 20191213 11:48:00  |k Rodrigo Vera 
650 0 0 |a Docencia universitaria   |9 332645 
650 0 0 |a Universidades chilenas  |9 407335 
650 0 0 |a Formación profesional de profesores  |9 307493 
650 0 0 |a Educación superior   |9 223851 
700 |a Ayala Cardona, Jaime Alberto  |e autor  |9 881270 
700 |a Blanco Vega, María de Jesús  |e autora  |9 881271 
700 |a Bravo Oviedo, Felipe  |e autor  |9 881272 
700 |a Calderón, Dora Inés  |e autora  |9 881273 
700 |a Córdova Solís, Miguel Ángel  |e autor  |9 881274 
700 |a González Boticario, Jesús  |e autor  |9 881275 
700 |a Gutiérrez y Restrepo, Emmanuelle  |e autora  |9 881276 
700 |a Jardin-Gonçalves, Ricardo  |e autor  |9 881277 
700 |a León Corredor, Olga Lucía  |e autora  |9 881278 
700 |a Merino Rubilar, Cristian Gonzalo  |e autor  |9 575007 
700 |a Molano Caro, Gladys  |e autora  |9 881279 
700 |a Rivera Lam, Mailing  |e autora  |9 881280 
700 |a Rocha Martínez, Rolando  |e autor  |9 881281 
700 |a Sarraipa, João  |e autor  |9 881282 
700 |a Villanueva Manjarrez, Andrés  |e autor  |9 881283 
942 |c BK  |2 ddc 
945 |a dcastane  |d 20191213 11:48:00 
952 |0 0  |1 0  |2 ddc  |3 erb  |4 0  |6 378_000000000000000_ALF_2019  |7 0  |8 A  |9 495750  |a BIBEDU  |b BIBEDU  |i 5613256  |o 378 ALF 2019  |p 5613256  |r 2020-01-06  |w 2020-01-06  |y BK  |z Catalogado en:20191213  |k EDU 
952 |0 0  |1 0  |2 ddc  |3 erb  |4 0  |6 378_000000000000000_ALF_2019  |7 0  |8 A  |9 495751  |a BIBEDU  |b BIBEDU  |i 5613248  |o 378 ALF 2019  |p 5613248  |r 2020-01-06  |w 2020-01-06  |y BK  |z Catalogado en:20191213  |k EDU 
952 |0 0  |1 0  |3 erb  |4 0  |6 378_000000000000000_ALF_2019  |7 0  |8 ?  |9 495752  |a BIBING  |b BIBING  |i 5613213  |o 378 ALF 2019  |p 5613213  |r 2025-01-20  |w 2020-01-06  |y BK  |z Catalogado en:20191213  |k ING 
952 |0 0  |1 0  |3 erb  |4 0  |6 378_000000000000000_ALF_2019  |7 0  |8 ?  |9 495753  |a BIBING  |b BIBING  |i 5613205  |o 378 ALF 2019  |p 5613205  |r 2025-01-20  |w 2020-01-06  |y BK  |z Catalogado en:20191213  |k ING 
952 |0 0  |1 0  |2 ddc  |3 erb  |4 0  |6 378_000000000000000_ALF_2019  |7 0  |8 A  |9 495754  |a BIBCUR  |b BIBCUR  |i 5613191  |l 1  |o 378 ALF 2019  |p 5613191  |r 2025-04-22  |s 2023-05-16  |w 2020-01-06  |y BK  |z Catalogado en:20191213  |k BCB 
952 |0 0  |1 0  |2 ddc  |3 erb  |4 0  |6 378_000000000000000_ALF_2019  |7 0  |8 A  |9 495755  |a BIBCUR  |b BIBCUR  |i 5613183  |o 378 ALF 2019  |p 5613183  |r 2025-04-22  |w 2020-01-06  |y BK  |z Catalogado en:20191213  |k BCB 
952 |0 0  |1 0  |2 ddc  |3 erb  |4 0  |6 378_000000000000000_ALF_2019  |7 0  |8 A  |9 495756  |a BIBMAT  |b BIBMAT  |c E_DIDACT  |i 5613175  |o 378 ALF 2019  |p 5613175  |r 2025-01-07  |w 2020-01-06  |y BK  |z Catalogado en:20191213  |k MAT 
952 |0 0  |1 0  |2 ddc  |3 erb  |4 0  |6 378_000000000000000_ALF_2019  |7 0  |8 A  |9 495757  |a BIBHIS  |b BIBHIS  |i 5613167  |o 378 ALF 2019  |p 5613167  |r 2025-01-20  |w 2020-01-06  |y BK  |z Catalogado en:20191213  |k HIS 
952 |0 0  |1 0  |2 ddc  |3 erb  |4 0  |6 378_000000000000000_ALF_2019  |7 0  |8 A  |9 495758  |a BIBGIM  |b BIBGIM  |i 5613159  |o 378 ALF 2019  |p 5613159  |r 2025-01-15  |w 2020-01-06  |y BK  |z Catalogado en:20191213  |k GIM 
952 |0 0  |1 0  |2 ddc  |3 erb  |4 0  |6 378_000000000000000_ALF_2019  |7 0  |8 A  |9 495759  |a BIBGIM  |b BIBGIM  |i 5613140  |o 378 ALF 2019  |p 5613140  |r 2025-01-15  |w 2020-01-06  |y BK  |z Catalogado en:20191213  |k GIM 
952 |0 0  |1 0  |2 ddc  |4 0  |6 378_000000000000000_ALF_2019  |7 0  |8 A  |9 589539  |a BIBCUR  |b BIBCUR  |d 2023-04-10  |e Donación  |i 5657063  |o 378 ALF 2019  |p 5657063  |r 2025-04-22  |t 11  |w 2023-04-10  |y BK  |k BIO